000 00340nam a2200133Ia 4500
008 170620s9999 xx 000 0 und d
020 _a9.78935E+12
100 _aSINGHAL-SHAILEY & ET.AL.
245 0 _aPHARMACEUTICAL ANALYSIS II
260 _bPRAGATI PRAKASHAN MEERUT
260 _c2012
300 _a140
546 _aEnglish
690 _aPHARMACEUTICAL ANALYSIS II
999 _c31346
_d31346